Normal view
MARC view
- ACI Committee 306
Entry Corporate Name
001 - CONTROL NUMBER
- control field: 46786
003 - CONTROL NUMBER IDENTIFIER
- control field: NUST
005 - DATE AND TIME OF LATEST TRANSACTION
- control field: 20210314133619.0
008 - FIXED-LENGTH DATA ELEMENTS
- fixed length control field: 210314|| aca||aabn | a|a d
040 ## - CATALOGING SOURCE
- Original cataloging agency: NUST
- Transcribing agency: NUST
110 ## - HEADING--CORPORATE NAME
- Corporate name or jurisdiction name as entry element: ACI Committee 306
670 ## - SOURCE DATA FOUND
- Source citation: Work cat.: (NUST): Standard specification for cod weather concreting (ACI 306.1-90), 1986.
